Estadísticas para Máximos goleadores de la Premier League 2022-2023

Haz click aquí para intentar la prueba.

Estadísticas generales

  • Esta prueba ha sido intentada 89 veces
  • La puntuación promedio es 10 de 11

Estadísticas de respuestas

GolesNacionalidadEquipoJugador% Correcto
36NoruegaManchester CityErling Haaland
100%
30InglaterraTottenham HotspurHarry Kane
100%
19EgiptoLiverpoolMohamed Salah
99%
15NoruegaArsenalMartin Ødegaard
97%
14InglaterraArsenalBukayo Saka
93%
17InglaterraManchester UnitedMarcus Rashford
92%
15BrasilArsenalGabriel Martinelli
91%
14SerbiaFulhamAleksandar Mitrović
89%
20InglaterraBrentfordIvan Toney
82%
15InglaterraAston VillaOllie Watkins
77%
18InglaterraNewcastle UnitedCallum Wilson
68%

Distribución de puntuación

Porcentaje por número respondido

Porcentaje de gente con cada puntuación

Historial de tus puntuaciones

No has intentado esta prueba.